000
00292 a2200121 4500
001
66096
082
_a
629.133JAN
090
_c
38405
_d
38405
100
_a
Jane's
245
_a
Jane's All the world's Aircraft 2000-2001
260
_a
UK
_b
Jane's Information Group
_c
2000
300
_a
886p.
942
_a
NUST-CAE
_k
629.133JAN
999
_c
301169
_d
301169